Látogatóban Dr. Szántó Imrénél
Elmentve itt :
| Szerző: | |
|---|---|
| Dokumentumtípus: | Cikk |
| Megjelent: |
1975
|
| Sorozat: | Aetas
4 |
| Kulcsszavak: | Szántó Imre, Történelemtudomány |
| Online Access: | http://acta.bibl.u-szeged.hu/16513 |
| LEADER | 00590nab a2200181 i 4500 | ||
|---|---|---|---|
| 001 | acta16513 | ||
| 005 | 20210426121313.0 | ||
| 008 | 161015s1975 hu o 0|| hun d | ||
| 022 | |a 0237-7934 | ||
| 040 | |a SZTE Egyetemi Kiadványok Repozitórium |b hun | ||
| 041 | |a hun | ||
| 100 | 1 | |a Schwarcz Klára | |
| 245 | 1 | 0 | |a Látogatóban Dr. Szántó Imrénél |h [elektronikus dokumentum] / |c Schwarcz Klára |
| 260 | |c 1975 | ||
| 300 | |a 3-4 | ||
| 490 | 0 | |a Aetas |v 4 | |
| 695 | |a Szántó Imre, Történelemtudomány | ||
| 856 | 4 | 0 | |u http://acta.bibl.u-szeged.hu/16513/1/aetas_1975_004_003-004.pdf |z Dokumentum-elérés |